Statistics for Star Wars Battlefront Heros

Click here to take the quiz!

General Stats

  • This quiz has been taken 397 times
    (389 since last reset)
  • The average score is 8 of 14

Answer Stats

HintAnswer% Correct
On the rebels and has a green light saberLuke Skywalker
96%
On the imperials and has a red light saber and good armorDarth Vader
94%
This bounty hunter has a jet packBoba Fett
89%
This hero uses the bow casterChewbacca
85%
This hero had a luck shot abilityHan Solo
84%
This bounty hunter was shot in the cantinaGreedo
76%
This Bounty Hunter has an effective dioxis defenseBossk
61%
This hero can regenerate in heros vs villains and has a trooper banePrincess Leia
48%
This villain uses chain lightningEmperor Palpatine
46%
This bounty hunter is an Australian Bounty HunterDengar
42%
This hero used to have a glitch using the power blastLando Calrissian
37%
This hero uses the armor breaker abilityDirector Krennic
19%
Outer Rim DLC heroNien Nunb
15%
This hero has three modes on his/her gun and has a one shot MeleeGyn Erso
3%

Score Distribution

Percentile by Number Answered

Percent of People with Each Score

Your Score History

You have not taken this quiz since the last reset